000 00651nam a22002057a 4500
001 10477
003 BD-RjUL
005 20211208234948.0
008 140123s1964 en ||||| |||| 001 0 eng d
035 _a(BD-RjUL)
040 _aBD-RjUL
_beng
_cBD-RjUL
041 _aeng
082 0 4 _a547.2
_bORG 1964
245 0 0 _aOrganic synthesis : an annual publication of satisfactory methods for the preparation of organic chemicals.
_cAdvisory Board
_nVOLUME 44
260 _aNew York ;
_aLondon [etc.] :
_bWiley,
_c1964.
300 _aix, 131 p. ;
_c24 cm.
504 _aIncludes index.
650 0 _aOrganic compounds -- Synthesis.
_932369
942 _2ddc
_cBK
999 _c10477
_d10477